<?xml version="1.0" encoding="UTF-8"?>
<record
    xmlns:xsi="http://www.w3.org/2001/XMLSchema-instance"
    xsi:schemaLocation="http://www.loc.gov/MARC21/slim http://www.loc.gov/standards/marcxml/schema/MARC21slim.xsd"
    xmlns="http://www.loc.gov/MARC21/slim">

  <leader>00366nam a2200145Ia 4500</leader>
  <controlfield tag="008">191201s2010    xx            000 0 und d</controlfield>
  <datafield tag="020" ind1=" " ind2=" ">
    <subfield code="a">9788178085531</subfield>
  </datafield>
  <datafield tag="082" ind1=" " ind2=" ">
    <subfield code="a">005.133</subfield>
    <subfield code="b">PRP</subfield>
  </datafield>
  <datafield tag="100" ind1=" " ind2=" ">
    <subfield code="a">PRATT,terrance W</subfield>
  </datafield>
  <datafield tag="245" ind1=" " ind2="0">
    <subfield code="a">Programming Languages: Design and Implementation</subfield>
  </datafield>
  <datafield tag="260" ind1=" " ind2=" ">
    <subfield code="a">N.Delhi</subfield>
    <subfield code="b">Pearson</subfield>
    <subfield code="c">2010</subfield>
  </datafield>
  <datafield tag="300" ind1=" " ind2=" ">
    <subfield code="a">590</subfield>
  </datafield>
  <datafield tag="650" ind1=" " ind2=" ">
    <subfield code="a">MCA</subfield>
  </datafield>
  <datafield tag="942" ind1=" " ind2=" ">
    <subfield code="2">ddc</subfield>
    <subfield code="c">BK</subfield>
  </datafield>
  <datafield tag="999" ind1=" " ind2=" ">
    <subfield code="c">5016</subfield>
    <subfield code="d">5016</subfield>
  </datafield>
  <datafield tag="952" ind1=" " ind2=" ">
    <subfield code="0">0</subfield>
    <subfield code="1">0</subfield>
    <subfield code="2">ddc</subfield>
    <subfield code="4">0</subfield>
    <subfield code="7">0</subfield>
    <subfield code="8">CSEAIML</subfield>
    <subfield code="a">PIET</subfield>
    <subfield code="b">PIET</subfield>
    <subfield code="d">2011-09-14</subfield>
    <subfield code="e">The book company</subfield>
    <subfield code="g">385.00</subfield>
    <subfield code="k">In-1683</subfield>
    <subfield code="l">4</subfield>
    <subfield code="o">005.133 PRP</subfield>
    <subfield code="p">18303</subfield>
    <subfield code="r">2023-05-06 00:00:00</subfield>
    <subfield code="s">2023-04-26</subfield>
    <subfield code="w">2011-09-10</subfield>
    <subfield code="y">BK</subfield>
  </datafield>
  <datafield tag="952" ind1=" " ind2=" ">
    <subfield code="0">0</subfield>
    <subfield code="1">0</subfield>
    <subfield code="2">ddc</subfield>
    <subfield code="4">0</subfield>
    <subfield code="7">0</subfield>
    <subfield code="8">CSEAIML</subfield>
    <subfield code="a">PIET</subfield>
    <subfield code="b">PIET</subfield>
    <subfield code="d">2011-09-14</subfield>
    <subfield code="e">The book company</subfield>
    <subfield code="g">385.00</subfield>
    <subfield code="k">In-1683</subfield>
    <subfield code="l">4</subfield>
    <subfield code="o">005.133 PRP</subfield>
    <subfield code="p">18304</subfield>
    <subfield code="r">2023-05-22 00:00:00</subfield>
    <subfield code="s">2023-05-06</subfield>
    <subfield code="w">2011-09-10</subfield>
    <subfield code="y">BK</subfield>
  </datafield>
  <datafield tag="952" ind1=" " ind2=" ">
    <subfield code="0">0</subfield>
    <subfield code="1">0</subfield>
    <subfield code="2">ddc</subfield>
    <subfield code="4">0</subfield>
    <subfield code="7">0</subfield>
    <subfield code="8">CSEAIML</subfield>
    <subfield code="a">PIET</subfield>
    <subfield code="b">PIET</subfield>
    <subfield code="d">2011-09-14</subfield>
    <subfield code="e">The book company</subfield>
    <subfield code="g">385.00</subfield>
    <subfield code="k">In-1683</subfield>
    <subfield code="l">1</subfield>
    <subfield code="o">005.133 PRP</subfield>
    <subfield code="p">18305</subfield>
    <subfield code="r">2023-03-21 00:00:00</subfield>
    <subfield code="s">2023-03-10</subfield>
    <subfield code="w">2011-09-10</subfield>
    <subfield code="y">BK</subfield>
  </datafield>
  <datafield tag="952" ind1=" " ind2=" ">
    <subfield code="0">0</subfield>
    <subfield code="1">0</subfield>
    <subfield code="2">ddc</subfield>
    <subfield code="4">0</subfield>
    <subfield code="7">0</subfield>
    <subfield code="8">CSEAIML</subfield>
    <subfield code="a">PIET</subfield>
    <subfield code="b">PIET</subfield>
    <subfield code="d">2011-09-14</subfield>
    <subfield code="e">The book company</subfield>
    <subfield code="g">385.00</subfield>
    <subfield code="k">In-1683</subfield>
    <subfield code="l">4</subfield>
    <subfield code="o">005.133 PRP</subfield>
    <subfield code="p">18306</subfield>
    <subfield code="r">2023-09-26 00:00:00</subfield>
    <subfield code="s">2023-09-12</subfield>
    <subfield code="w">2011-09-10</subfield>
    <subfield code="y">BK</subfield>
  </datafield>
  <datafield tag="952" ind1=" " ind2=" ">
    <subfield code="0">0</subfield>
    <subfield code="1">0</subfield>
    <subfield code="2">ddc</subfield>
    <subfield code="4">0</subfield>
    <subfield code="7">0</subfield>
    <subfield code="8">CSEAIML</subfield>
    <subfield code="a">PIET</subfield>
    <subfield code="b">PIET</subfield>
    <subfield code="d">2011-09-14</subfield>
    <subfield code="e">The book company</subfield>
    <subfield code="g">385.00</subfield>
    <subfield code="k">In-1683</subfield>
    <subfield code="l">2</subfield>
    <subfield code="o">005.133 PRP</subfield>
    <subfield code="p">18307</subfield>
    <subfield code="r">2022-12-19 00:00:00</subfield>
    <subfield code="s">2022-12-16</subfield>
    <subfield code="w">2011-09-10</subfield>
    <subfield code="y">BK</subfield>
  </datafield>
  <datafield tag="952" ind1=" " ind2=" ">
    <subfield code="0">0</subfield>
    <subfield code="1">0</subfield>
    <subfield code="2">ddc</subfield>
    <subfield code="4">0</subfield>
    <subfield code="7">0</subfield>
    <subfield code="8">CSEAIML</subfield>
    <subfield code="a">PIET</subfield>
    <subfield code="b">PIET</subfield>
    <subfield code="d">2011-09-14</subfield>
    <subfield code="e">The book company</subfield>
    <subfield code="g">385.00</subfield>
    <subfield code="k">In-1683</subfield>
    <subfield code="l">0</subfield>
    <subfield code="o">005.133 PRP</subfield>
    <subfield code="p">18308</subfield>
    <subfield code="r">2019-12-04 00:00:00</subfield>
    <subfield code="w">2011-09-10</subfield>
    <subfield code="y">BK</subfield>
  </datafield>
  <datafield tag="952" ind1=" " ind2=" ">
    <subfield code="0">0</subfield>
    <subfield code="1">0</subfield>
    <subfield code="2">ddc</subfield>
    <subfield code="4">0</subfield>
    <subfield code="7">0</subfield>
    <subfield code="8">CSEAIML</subfield>
    <subfield code="a">PIET</subfield>
    <subfield code="b">PIET</subfield>
    <subfield code="d">2011-09-14</subfield>
    <subfield code="e">The book company</subfield>
    <subfield code="g">385.00</subfield>
    <subfield code="k">In-1683</subfield>
    <subfield code="l">4</subfield>
    <subfield code="o">005.133 PRP</subfield>
    <subfield code="p">18309</subfield>
    <subfield code="r">2024-09-30 00:00:00</subfield>
    <subfield code="s">2024-09-16</subfield>
    <subfield code="w">2011-09-10</subfield>
    <subfield code="y">BK</subfield>
  </datafield>
  <datafield tag="952" ind1=" " ind2=" ">
    <subfield code="0">0</subfield>
    <subfield code="1">0</subfield>
    <subfield code="2">ddc</subfield>
    <subfield code="4">0</subfield>
    <subfield code="7">0</subfield>
    <subfield code="8">CSEAIML</subfield>
    <subfield code="a">PIET</subfield>
    <subfield code="b">PIET</subfield>
    <subfield code="d">2011-09-14</subfield>
    <subfield code="e">The book company</subfield>
    <subfield code="g">385.00</subfield>
    <subfield code="k">In-1683</subfield>
    <subfield code="l">3</subfield>
    <subfield code="o">005.133 PRP</subfield>
    <subfield code="p">18310</subfield>
    <subfield code="r">2023-09-26 00:00:00</subfield>
    <subfield code="s">2023-09-12</subfield>
    <subfield code="w">2011-09-10</subfield>
    <subfield code="y">BK</subfield>
  </datafield>
</record>
